000 00316nam a22001337a 4500
008 170921b xxu||||| |||| 00| 0 eng d
020 _a082039530239
041 _aeng
080 _a78
100 _a45
101 _aMUZ
245 _aCRITICAL LISTENING SKILLS FOR AUDIO PROFESSIONALS
_cEVEREST,A
942 _2udc
_cBK
999 _c28699
_d28699